000
00428nam a2200157Ia 4500
008
151121s9999||||xx |||||||||||||| ||und||
082
_a
328।54/
082
_b
HNW-63574
245
_a
भारतीय संसद
260
_b
मा। न। मंत्रालय।
260
_c
--
300
_a
62
630
_a
भारतीय संसद
730
_a
भारतीय संसद
942
_c
BOOK
999
_c
1245106
_d
1245103